| 000 | 00546nam a2200181Ia 4500 | ||
|---|---|---|---|
| 005 | 20240530110158.0 | ||
| 008 | 140319s1984 xx 000 0 ara d | ||
| 040 |
_aGCL / _cGCL |
||
| 082 | 0 | 4 |
_a922.1 / _bم ح |
| 100 | _aمحمود شلبى | ||
| 245 | 1 | 0 |
_aحياة اصحاب الكهف / _cمحمود شلبى |
| 260 |
_aبيروت : _bدار الجيل، _cد . ت |
||
| 300 |
_a309 ص؛ _c24 سم |
||
| 650 | 7 | 0 | _2اصحاب الكهف |
| 650 | 7 | 0 | _2التراجم |
| 942 |
_2ddc _cBK |
||
| 999 |
_c59218 _d59218 |
||